| 000 | 01347ata a2200481 4500 | ||
|---|---|---|---|
| 005 | 20260217172120.0 | ||
| 008 | 150527b1999 xxu||||| |||| 00| 0 spa d | ||
| 020 | _a8480027460 | ||
| 041 | _aESP | ||
| 082 | _a364 G241p | ||
| 100 | _aGarrido Genoves, Vicente | ||
| 100 |
_aStangeland, Per _935315 |
||
| 100 |
_aRedondo, Santiago _935316 |
||
| 245 | _aPrincipios de criminología | ||
| 260 | _aEspaña | ||
| 260 | _bTirant Lo Blanch | ||
| 260 | _c1999 | ||
| 300 | _a877 páginas | ||
| 490 | _aInvestigación Criminal | ||
| 650 | _aCRIMINOLOGÍA | ||
| 650 | _aINVESTIGACIÓN CRIMINAL | ||
| 650 | _aTEORÍAS CRIMINOLÓGICAS | ||
| 650 | _aINFLUENCIAS SOCIALES | ||
| 650 | _aPREDISPOSICIONES AGRESIVAS | ||
| 650 | _aDIFERENCIAS INDIVIDUALES | ||
| 650 | _aDELINCUENCIA | ||
| 650 | _aTEORÍAS INTEGRADAS | ||
| 650 | _aDELITOS CONTRA LA PROPIEDAD | ||
| 650 | _aDELINCUENTE COMÚN | ||
| 650 | _aDELITOS CONTRA LA PERSONA | ||
| 650 | _aDELINCUENTES VIOLENTOS | ||
| 650 | _aDELINCUENTES SEXUALES | ||
| 650 | _aVIOLENCIA EN LA FAMILIA | ||
| 650 | _aABUSO SEXUAL DE NIÑOS | ||
| 650 | _aDELINCUENCIA ECONÓMICA | ||
| 650 | _aDELINCUENCIA ORGANIZADA | ||
| 650 | _aVICTIMOLOGÍA | ||
| 650 | _aPOLICÍA | ||
| 650 | _aTRIBUNALES | ||
| 650 | _aPRISIONES | ||
| 650 | _aPREVENCIÓN DEL DELITO | ||
| 942 |
_cBK _2ddc |
||
| 999 |
_c11109 _d11109 |
||